Návrh a implementácia IoT-riešenia pre automatizovaný monitoring a kontinuálne meranie produkcie bioplynu v anaeróbnej fermentácii
Gespeichert in:
| 1. Verfasser: | |
|---|---|
| Weitere Verfasser: | |
| Format: | Manuskript Buch |
| Sprache: | Slowakisch |
| Veröffentlicht: |
2025
|
| Schlagworte: | |
| Online-Zugang: | http://is.stuba.sk/zp/portal_zp.pl?podrobnosti=192708 |
| Tags: |
Keine Tags, Fügen Sie das erste Tag hinzu!
|
MARC
| LEADER | 00000ntm a22000003a 4500 | ||
|---|---|---|---|
| 001 | stuzp102592 | ||
| 003 | SK-STU | ||
| 005 | 20250628210615.0 | ||
| 007 | ta | ||
| 008 | 150427s2015----xo-----f-mn---000-0-slo-d | ||
| 040 | |a STU |b slo | ||
| 041 | 0 | |a slo | |
| 100 | 1 | |a Molitoris, Jozef |u 020020 |k Z4 |4 aut |U SjF Strojnícka fakulta |T SjF Ústav automatizácie, informatizácie a merania |X 117210 |U J0020 |Y 802 |7 117210 | |
| 242 | 0 | 1 | |a Development and implementation of an IoT-based system for automated and continuous biogas production measurement in anaerobic fermentation |y eng |
| 245 | 1 | 0 | |a Návrh a implementácia IoT-riešenia pre automatizovaný monitoring a kontinuálne meranie produkcie bioplynu v anaeróbnej fermentácii |
| 260 | |c 2025 | ||
| 650 | 4 | |a Metán |2 slo | |
| 650 | 4 | |a Produkcia bioplynu |2 slo | |
| 650 | 4 | |a anaeróbne procesy |2 slo | |
| 650 | 4 | |a 3D tlač |2 slo | |
| 650 | 4 | |a Solidworks |2 slo | |
| 650 | 4 | |a PID regulácia |2 slo | |
| 650 | 4 | |a IoT monitoring |2 slo | |
| 650 | 4 | |a HX711 |2 slo | |
| 650 | 4 | |a Arduino Cloud |2 slo | |
| 650 | 4 | |a Load Cell |2 slo | |
| 650 | 4 | |a substrát |2 slo | |
| 650 | 4 | |a reaktor |2 slo | |
| 650 | 4 | |a CAD |2 slo | |
| 650 | 4 | |a EasyEDA |2 slo | |
| 650 | 4 | |a substrate |2 eng | |
| 650 | 4 | |a reactor |2 eng | |
| 650 | 4 | |a 3D printing |2 eng | |
| 650 | 4 | |a CAD |2 eng | |
| 650 | 4 | |a Solidworks |2 eng | |
| 650 | 4 | |a IoT monitoring |2 eng | |
| 650 | 4 | |a Load Cell |2 eng | |
| 650 | 4 | |a HX711 |2 eng | |
| 650 | 4 | |a Arduino Cloud |2 eng | |
| 650 | 4 | |a Methane |2 eng | |
| 650 | 4 | |a Biogas production |2 eng | |
| 650 | 4 | |a anaerobic processes |2 eng | |
| 650 | 4 | |a EasyEDA |2 eng | |
| 650 | 4 | |a PID control |2 eng | |
| 700 | 1 | |a Habara, Marek |u 020020 |k Z3 |4 ths |U SjF Strojnícka fakulta |T SjF Ústav automatizácie, informatizácie a merania |X 87297 |U J0020 |Y 802 |7 87297 | |
| 856 | 4 | |u http://is.stuba.sk/zp/portal_zp.pl?podrobnosti=192708 | |